[Event "Mechanics' Summer TNM; 30/90, SD/30"]
[Site "San Francisco"]
[Date "2012.05.22"]
[Round "1.21"]
[White "Persidsky, Andre"]
[Black "Stearman, Trevor"]
[Result "1-0"]
[WhiteElo "1861"]
[BlackElo "1381"]
[PlyCount "37"]
[EventDate "2012.??.??"]

1. d4 d5 2. c4 e6 3. Nc3 Nf6 4. Nf3 c5 5. e3 Nc6 6. Bd3 Be7 7. O-O O-O 8. b3
Re8 9. Bb2 cxd4 10. exd4 b6 11. cxd5 exd5 12. h3 Be6 13. Rc1 Rc8 14. Re1 a6 $2
15. Bxa6 Rc7 $2 16. Nb5 Qd7 17. Nxc7 Bxh3 18. Nxe8 Qg4 19. Nxf6+ 1-0

[Event "Mechanics' Spring TNM; 30/90, SD/30"]
[Site "San Francisco"]
[Date "2012.04.17"]
[Round "6.17"]
[White "Poling, Scott"]
[Black "Afkham-Ebrahimi, Payam"]
[Result "0-1"]
[WhiteElo "1731"]
[BlackElo "1967"]
[Annotator "Donaldson"]
[PlyCount "58"]
[EventDate "2012.??.??"]

1. e4 d5 2. exd5 Qxd5 3. Nc3 Qa5 4. d4 Nf6 5. Bd3 Nc6 6. Nge2 Bg4 7. f3 Bh5 8.
O-O O-O-O 9. a3 e5 10. Be3 exd4 11. b4 Bxb4 $6 (11... Qe5) 12. axb4 Qxb4 13.
Ra4 Qe7 14. Bf5+ Kb8 15. Bxd4 Rhe8 16. Ne4 Nd5 17. Bxa7+ (17. Qa1) 17... Nxa7
18. Qa1 Nb6 19. Rxa7 g6 20. Rb1 $6 (20. Bc8 $3 Rxc8 (20... Kxc8 21. Ra8+ Nxa8
22. Qxa8+ Kd7 23. Rd1+ Ke6 24. Qa2+ Ke5 25. Qb2+ Ke6 26. Nd4+) 21. Qa5 Qe5 22.
Nc5) 20... gxf5 21. Rxb6 Rd1+ 22. Qxd1 Kxa7 23. Rb5 fxe4 24. Qd4+ Kb8 25. Ra5
exf3 26. Qa7+ Kc8 27. Qa8+ Kd7 28. Rd5+ Kc6 29. Qa5 f2+ 0-1

[Event "Mechanics' Winter TNM; 30/90, SD/30"]
[Site "San Francisco"]
[Date "2012.02.21"]
[Round "8.11"]
[White "Poling, Scott"]
[Black "Anderson, Michael"]
[Result "1-0"]
[WhiteElo "1640"]
[BlackElo "1900"]
[PlyCount "101"]
[EventDate "2012.??.??"]

1. e4 c5 2. Nc3 Nc6 3. f4 g6 4. Nf3 Bg7 5. Bb5 a6 6. Bxc6 dxc6 7. O-O Nh6 8. d3
O-O 9. Qe1 f6 10. Qh4 Nf7 11. Ne2 e5 12. fxe5 fxe5 13. Ng5 h6 14. Nf3 Qxh4 15.
Nxh4 Kh7 16. Bd2 Be6 17. b3 Rad8 18. Ba5 Bg4 19. Ng3 Ng5 20. Bxd8 Rxd8 21. h3
Be6 22. a4 a5 23. Rf2 Bg8 24. Raf1 Ne6 25. Ne2 h5 26. g4 hxg4 27. hxg4 Bh6 28.
Rh2 Kg7 29. Nf3 Be3+ 30. Kh1 Rf8 31. Kg2 Nf4+ 32. Nxf4 Bxf4 33. Rh4 b5 34. Ng1
g5 35. Rh1 Be6 36. Ne2 Bxg4 37. Nxf4 exf4 38. Kf2 Kg6 39. Rfg1 Be6 40. Rh2 g4
41. Rh4 Kg5 42. Rh7 g3+ 43. Kf3 Bg4+ 44. Kg2 Rg8 45. Rf7 Be2 46. Re1 Bh5 47.
Rf5+ Kg4 48. Rf1 f3+ 49. R1xf3 Kh4 50. R3f4+ Bg4 51. Rxc5 1-0

[Event "Mechanics' Summer TNM; 30/90, SD/30"]
[Site "San Francisco"]
[Date "2012.06.26"]
[Round "6.27"]
[White "Poling, Scott"]
[Black "Baker, Morgan"]
[Result "1-0"]
[WhiteElo "1780"]
[BlackElo "1354"]
[PlyCount "55"]
[EventDate "2012.??.??"]

1. e4 e5 2. Nf3 Nc6 3. d4 exd4 4. Bc4 d6 5. O-O Bg4 6. Qd3 Bxf3 7. Qxf3 Ne5 8.
Qb3 Nf6 9. Bg5 Be7 10. Nd2 O-O 11. Rae1 Rb8 12. Be2 Qd7 13. h3 a6 14. f4 Nc6
15. e5 dxe5 16. fxe5 Nxe5 17. Qg3 Qe6 18. Bc4 Qb6 19. Qxe5 Bd6 20. Qf5 d3+ 21.
Kh1 Nh5 22. Bh4 g6 23. Qxd3 Nf4 24. Qb3 Qc6 25. Qf3 Qd7 26. Ne4 Nh5 27. Nf6+
Nxf6 28. Bxf6 1-0

[Event "Mechanics' Fall TNM; 30/90, SD/30"]
[Site "San Francisco"]
[Date "2012.10.23"]
[Round "2.20"]
[White "Poling, Scott"]
[Black "Brown, Nicholas"]
[Result "1-0"]
[WhiteElo "1747"]
[BlackElo "1457"]
[PlyCount "25"]
[EventDate "2012.??.??"]

1. e4 c6 2. d4 d5 3. exd5 cxd5 4. Bd3 Nf6 5. c3 Bg4 6. Qb3 b6 7. Bf4 e6 8. Nd2
Bd6 9. Bb5+ Ke7 10. Be5 Bxe5 11. dxe5 Nfd7 12. Qb4+ Nc5 13. Qxg4 1-0

[Event "Mechanics' Spring TNM; 30/90, SD/30"]
[Site "San Francisco"]
[Date "2012.05.01"]
[Round "8.22"]
[White "Poling, Scott"]
[Black "Cheng, Andrew"]
[Result "1-0"]
[WhiteElo "1731"]
[BlackElo "1373"]
[PlyCount "51"]
[EventDate "2012.??.??"]

1. e4 e5 2. Nf3 Nc6 3. d4 exd4 4. Bc4 h6 5. O-O Bc5 6. c3 Qf6 7. e5 Qe7 8. cxd4
Bb6 9. d5 Nb4 10. d6 Qf8 11. Nc3 cxd6 12. exd6 Bc5 13. Re1+ Kd8 14. Ne5 Bxd6
15. Nxf7+ Kc7 16. Nxd6 a6 17. g3 b5 18. Re8 Qxd6 19. Bf4 Qxf4 20. gxf4 bxc4 21.
Ne4 Nd3 22. Qa4 d5 23. Qa5+ Kc6 24. Rd8 Nxf4 25. Qc5+ Kb7 26. Nd6+ 1-0

[Event "Mechanics' Mar TNM; 30/90, SD/30"]
[Site "San Francisco"]
[Date "2012.08.21"]
[Round "4.24"]
[White "Poling, Scott"]
[Black "Flores, David"]
[Result "0-1"]
[WhiteElo "1788"]
[BlackElo "1605"]
[PlyCount "110"]
[EventDate "2012.??.??"]

1. e4 e5 2. Nf3 Nc6 3. d4 exd4 4. Bc4 Bc5 5. c3 Nge7 6. O-O O-O 7. cxd4 Bb6 8.
Bb3 d5 9. exd5 Nxd5 10. Nc3 Nce7 11. Bc2 Bg4 12. Bxh7+ Kh8 13. Bc2 Ng6 14. h3
Bxf3 15. Qxf3 Nxc3 16. bxc3 Kg8 17. Ba3 Re8 18. Bb3 Qf6 19. Qxb7 c6 20. Ba4
Rac8 21. Rae1 Rb8 22. Rxe8+ Rxe8 23. Qxc6 Re6 24. Qc8+ Kh7 25. Bb3 Rc6 26. Qd7
Rxc3 27. Qxf7 Qxf7 28. Bxf7 Rxa3 29. Rd1 Nf4 30. d5 Rd3 31. Rxd3 Nxd3 32. d6
Bxf2+ 33. Kf1 Bb6 34. Bb3 Nf4 35. d7 g5 36. Bd1 Kg7 37. Bg4 Kf6 38. g3 Nd3 39.
h4 Ne5 40. hxg5+ Kxg5 41. Bh3 Kf6 42. Kg2 Ke7 43. g4 Nxd7 44. Kf3 Ne5+ 45. Kf4
Ng6+ 46. Kf5 Kf7 47. Bf1 Ne7+ 48. Kg5 Be3+ 49. Kh5 Kf6 50. Bd3 Bg5 51. Be4 Nc8
52. Bd3 Nd6 53. Bg6 Nb7 54. Be4 Nc5 55. Bg6 Ne6 0-1

[Event "Mechanics' Mar TNM; 30/90, SD/30"]
[Site "San Francisco"]
[Date "2012.08.28"]
[Round "5.25"]
[White "Poling, Scott"]
[Black "Frank, Robert"]
[Result "1-0"]
[WhiteElo "1788"]
[BlackElo "1313"]
[PlyCount "57"]
[EventDate "2012.??.??"]

1. e4 e5 2. Nf3 Nf6 3. Nxe5 d6 4. Nf3 Nxe4 5. Nc3 Nxc3 6. dxc3 h6 7. Be3 a5 8.
Qd2 Nd7 9. O-O-O Nf6 10. Bd3 Bg4 11. Rde1 Be7 12. h3 Be6 13. Nd4 O-O 14. Nf5
Bxf5 15. Bxf5 Nh7 16. f4 g6 17. Bd3 f5 18. g4 Qd7 19. gxf5 gxf5 20. Bc4+ Kh8
21. Rhg1 b5 22. Be6 Qe8 23. Bd4+ Bf6 24. Bd5 Qh5 25. Bxa8 Rxa8 26. Qg2 Qf7 27.
Qxa8+ Nf8 28. Bxf6+ Qxf6 29. Re8 1-0

[Event "Mechanics' Winter TNM; 30/90, SD/30"]
[Site "San Francisco"]
[Date "2012.01.24"]
[Round "4.23"]
[White "Poling, Scott"]
[Black "Frank, Robert"]
[Result "1-0"]
[WhiteElo "1640"]
[BlackElo "1360"]
[PlyCount "45"]
[EventDate "2012.??.??"]

1. e4 e5 2. Nf3 Nf6 3. Nxe5 d6 4. Nf3 Nxe4 5. Nc3 Nxc3 6. dxc3 Be7 7. Be3 O-O
8. Qd2 Bg4 9. O-O-O Bxf3 10. gxf3 c5 11. Rg1 Nd7 12. Bh6 Bf6 13. Qxd6 Kh8 14.
Bxg7+ Bxg7 15. Qxd7 b6 16. Bc4 Qf6 17. Qg4 a6 18. Bd3 Rg8 19. Qf5 Qh6+ 20. Kb1
f6 21. Rg3 Rae8 22. Rh3 Re5 23. Qxh7+ 1-0

[Event "Mechanics' Spring TNM; 30/90, SD/30"]
[Site "San Francisco"]
[Date "2012.03.13"]
[Round "1.6"]
[White "Poling, Scott"]
[Black "Goins, Demetrius"]
[Result "0-1"]
[WhiteElo "1731"]
[BlackElo "2102"]
[PlyCount "82"]
[EventDate "2012.??.??"]

1. e4 c5 2. Nc3 Nc6 3. f4 d6 4. Nf3 g6 5. Bb5 Bg7 6. O-O e6 7. d3 Nge7 8. Qe1
a6 9. Bxc6+ Nxc6 10. f5 O-O 11. fxg6 fxg6 12. Bg5 Qc7 13. Qh4 b5 14. Bh6 Bxh6
15. Qxh6 Qg7 16. Qxg7+ Kxg7 17. Ng5 Bd7 18. Ne2 h6 19. Nf3 e5 20. Nc3 Be6 21.
Rf2 Nd4 22. Nd5 Bxd5 23. exd5 Nxf3+ 24. Rxf3 Rxf3 25. gxf3 Rf8 26. Kf2 Rf4 27.
c3 Kf6 28. b3 c4 29. dxc4 bxc4 30. Ke3 g5 31. b4 e4 32. Rf1 Ke5 33. a4 Rxf3+
34. Rxf3 exf3 35. Kxf3 h5 36. b5 axb5 37. axb5 Kxd5 38. b6 Kc6 39. Ke4 Kxb6 40.
Kd5 Kb5 41. Kxd6 Ka4 0-1

[Event "Mechanics' Mar TNM; 30/90, SD/30"]
[Site "San Francisco"]
[Date "2012.08.07"]
[Round "2.20"]
[White "Poling, Scott"]
[Black "Hilliard, Michael"]
[Result "1-0"]
[WhiteElo "1788"]
[BlackElo "1494"]
[PlyCount "94"]
[EventDate "2012.??.??"]

1. e4 c6 2. d4 d5 3. exd5 cxd5 4. Bd3 Nc6 5. c3 Nf6 6. Bf4 Bg4 7. Qb3 b6 8. Nd2
g6 9. Ngf3 Bg7 10. h3 Bxf3 11. Nxf3 O-O 12. Ne5 Rc8 13. O-O e6 14. Ba6 Na5 15.
Qa4 Rc7 16. b4 Nb7 17. Nc6 Qd7 18. Bxc7 Qxc7 19. Bxb7 Qxb7 20. b5 Ne4 21. Rac1
Nd2 22. Rfd1 Nc4 23. Qb4 Re8 24. a4 Bf8 25. Qb3 Bd6 26. Ra1 a5 27. Qc2 Qc7 28.
Re1 Bh2+ 29. Kh1 Bf4 30. g3 Bd6 31. f4 Kf8 32. Qf2 Kg8 33. Qe2 Kf8 34. Qg4 Kg8
35. Kg2 f5 36. Qd1 Kf7 37. Ra2 Qc8 38. Rae2 Bc7 39. Qd3 Nd6 40. Ne5+ Kf6 41. c4
Ne4 42. cxd5 exd5 43. Rc1 Re7 44. Rc6+ Kg7 45. Rec2 Qd8 46. Qa3 Kg8 47. Qc1 Nc5
1-0

[Event "Mechanics' Summer TNM; 30/90, SD/30"]
[Site "San Francisco"]
[Date "2012.06.05"]
[Round "3.24"]
[White "Poling, Scott"]
[Black "Hilliard, Michael"]
[Result "1-0"]
[WhiteElo "1780"]
[BlackElo "1511"]
[PlyCount "87"]
[EventDate "2012.??.??"]

1. e4 c6 2. d4 d5 3. exd5 cxd5 4. Bd3 Nf6 5. c3 Bg4 6. Qb3 b6 7. Bf4 Nc6 8. h3
Na5 9. Qa4+ Bd7 10. Qc2 e6 11. Nf3 b5 12. O-O Nc4 13. b3 Nd6 14. Qe2 Rc8 15.
Bxd6 Bxd6 16. Bxb5 O-O 17. Bd3 Re8 18. Ne5 Qc7 19. g4 Bc6 20. Nxc6 Qxc6 21. Bb5
Qc7 22. Bxe8 Rxe8 23. c4 e5 24. c5 Bf8 25. b4 Ne4 26. Nd2 Ng5 27. Kg2 e4 28. a4
Re6 29. h4 Rh6 30. Rh1 Ne6 31. Qe3 Nf4+ 32. Kf1 Be7 33. Qg3 Rf6 34. Ra3 Qd7 35.
g5 Rf5 36. b5 Qe6 37. a5 Nd3 38. Rxd3 exd3 39. Qxd3 Qc8 40. b6 a6 41. b7 Rxf2+
42. Kxf2 Qxb7 43. Rb1 Qc8 44. Rb6 1-0

[Event "Mechanics' Summer TNM; 30/90, SD/30"]
[Site "San Francisco"]
[Date "2012.05.22"]
[Round "1.16"]
[White "Poling, Scott"]
[Black "James, Charles"]
[Result "0-1"]
[WhiteElo "1780"]
[BlackElo "1475"]
[PlyCount "60"]
[EventDate "2012.??.??"]

1. e4 e6 2. d4 d5 3. e5 c5 4. Nf3 Nc6 5. Bd3 Bd7 6. O-O Qb6 7. Re1 cxd4 8. a3
a5 9. Nbd2 Be7 10. Nf1 f6 11. Ng3 Qc7 12. exf6 gxf6 13. Nh5 O-O-O 14. Ng7 e5
15. Bf5 Bxf5 16. Nxf5 Bc5 17. c3 d3 18. b4 Bb6 19. Be3 e4 20. N3d4 Nxd4 21.
Nxd4 Qd7 22. Qb3 a4 23. Qa2 f5 24. Nxf5 Bxe3 25. Nxe3 Nf6 26. Rac1 b5 27. c4
dxc4 28. Nxc4 bxc4 29. Qxc4+ Kb8 30. Qa6 d2 0-1

[Event "Mechanics' Mar TNM; 30/90, SD/30"]
[Site "San Francisco"]
[Date "2012.09.25"]
[Round "9.11"]
[White "Poling, Scott"]
[Black "Krasnov, Steven"]
[Result "1/2-1/2"]
[WhiteElo "1788"]
[BlackElo "1962"]
[PlyCount "80"]
[EventDate "2012.??.??"]

1. e4 c5 2. d4 cxd4 3. c3 Qa5 4. Bd2 Qb6 5. cxd4 Qxd4 6. Nc3 e6 7. Nf3 Qb6 8.
Bc4 Nf6 9. Qe2 d6 10. O-O a6 11. Be3 Qa5 12. Bb3 Bd7 13. Rfd1 Nc6 14. Bf4 Ne5
15. Rac1 Be7 16. Bd2 Qd8 17. Bf4 Nxf3+ 18. Qxf3 e5 19. Be3 Bg4 20. Qg3 Bxd1 21.
Qxg7 Kd7 22. Rxd1 Qg8 23. Qxf7 Qxf7 24. Bxf7 Rhf8 25. Bb3 b5 26. Nd5 Nxd5 27.
Bxd5 Rac8 28. Bb3 a5 29. a4 bxa4 30. Bxa4+ Kc7 31. Rd5 Ra8 32. Bd2 Rfb8 33. b3
Kc8 34. Rxa5 Bd8 35. Rxa8 Rxa8 36. Bb4 Bc7 37. Kf1 Kd8 38. Ke2 Ke7 39. Kd3 Rg8
40. g3 Bb6 1/2-1/2

[Event "Mechanics' Fall TNM; 30/90, SD/30"]
[Site "San Francisco"]
[Date "2012.11.20"]
[Round "6.19"]
[White "Poling, Scott"]
[Black "Mar, Henry"]
[Result "1-0"]
[WhiteElo "1747"]
[BlackElo "1509"]
[PlyCount "51"]
[EventDate "2012.??.??"]

1. e4 c6 2. d4 d5 3. exd5 cxd5 4. Bd3 Nf6 5. c3 e6 6. Bf4 Bd6 7. Bxd6 Qxd6 8.
Nf3 O-O 9. Ne5 Nc6 10. f4 Ne4 11. Nd2 f6 12. Nxc6 Qxf4 13. Ne7+ Kf7 14. Bxe4
dxe4 15. Nxc8 e3 16. Qh5+ Kg8 17. Ne7+ Kh8 18. Ng6+ Kg8 19. Nxf4 exd2+ 20. Kxd2
e5 21. Ne6 Rf7 22. Rhf1 exd4 23. Nxd4 Rd8 24. Rae1 g6 25. Qh4 Kg7 26. Kc2 1-0

[Event "Mechanics' Winter TNM; 30/90, SD/30"]
[Site "San Francisco"]
[Date "2012.02.07"]
[Round "6.20"]
[White "Poling, Scott"]
[Black "Mar, Henry"]
[Result "1-0"]
[WhiteElo "1640"]
[BlackElo "1523"]
[PlyCount "63"]
[EventDate "2012.??.??"]

1. e4 c6 2. d4 d5 3. exd5 cxd5 4. Bd3 e6 5. Nf3 Nd7 6. Bf4 Ngf6 7. Nbd2 g6 8.
O-O Bg7 9. Bd6 Bf8 10. Bxf8 Kxf8 11. Ne5 Kg7 12. c3 Qc7 13. f4 h5 14. Qc2 Nxe5
15. fxe5 Ng4 16. Rae1 Qe7 17. Nf3 Bd7 18. Qd2 Raf8 19. Ng5 a6 20. h3 Nh6 21.
Rf6 Nf5 22. Bxf5 exf5 23. Re3 Be6 24. h4 Qd7 25. Rg3 Rh6 26. Nxe6+ fxe6 27.
Rxf8 Kxf8 28. Qxh6+ Qg7 29. Qxg6 Qxg6 30. Rxg6 Kf7 31. Rf6+ Ke7 32. Kf2 1-0

[Event "Mechanics' Spring TNM; 30/90, SD/30"]
[Site "San Francisco"]
[Date "2012.04.03"]
[Round "4.16"]
[White "Poling, Scott"]
[Black "Ochoa, Jason"]
[Result "1-0"]
[WhiteElo "1731"]
[BlackElo "1906"]
[PlyCount "65"]
[EventDate "2012.??.??"]

1. e4 c5 2. Nc3 Nc6 3. f4 g6 4. Nf3 Bg7 5. Bb5 a6 6. Bxc6 dxc6 7. O-O Bg4 8.
Qe1 Nf6 9. d3 Bxf3 10. Rxf3 Ng4 11. e5 Qd4+ 12. Kh1 O-O-O 13. h3 Nh6 14. Be3
Qb4 15. a3 Qa5 16. b4 cxb4 17. axb4 Qxb4 18. Rb1 Qxb1 19. Qxb1 Nf5 20. Bb6 Rd4
21. Ne4 e6 22. Nc5 Rd7 23. Qb4 Bf8 24. c3 h5 25. Qb3 Bxc5 26. Bxc5 h4 27. Qb6
Rhd8 28. Qa7 Rd5 29. Bb6 Kd7 30. Qxb7+ Ke8 31. Bxd8 Kxd8 32. Qa8+ Ke7 33. Qxa6
1-0

[Event "Mechanics' Fall TNM; 30/90, SD/30"]
[Site "San Francisco"]
[Date "2012.12.11"]
[Round "9.16"]
[White "Poling, Scott"]
[Black "Rakonitz, David"]
[Result "1/2-1/2"]
[WhiteElo "1747"]
[BlackElo "1479"]
[PlyCount "90"]
[EventDate "2012.??.??"]

1. e4 e6 2. d4 d5 3. e5 c5 4. Nf3 cxd4 5. Bd3 Nc6 6. O-O Nge7 7. Re1 Ng6 8.
Nbd2 Bb4 9. a3 Ba5 10. b4 Bb6 11. Nb3 Qc7 12. Bxg6 hxg6 13. Bb2 Bd7 14. Nbxd4
Nxd4 15. Bxd4 Rc8 16. Bxb6 Qxb6 17. Rc1 Ba4 18. Qd2 Rh5 19. c3 Bb5 20. Nd4 Bc4
21. a4 Ke7 22. g4 Rhh8 23. Qg5+ Kd7 24. f4 Qd8 25. Qxd8+ Rcxd8 26. Re3 Rh4 27.
h3 Rdh8 28. Kg2 Ke7 29. f5 gxf5 30. gxf5 R4h5 31. fxe6 fxe6 32. Rce1 Rg5+ 33.
Rg3 Rhh5 34. Ree3 Kf7 35. Nf3 Rxg3+ 36. Kxg3 Bb3 37. Kg4 g6 38. Ng5+ Ke7 39. a5
Bc2 40. h4 Bf5+ 41. Kg3 Rh8 42. Nf3 Rc8 43. Nd4 a6 44. Kf4 Rh8 45. Nf3 Rf8
1/2-1/2

[Event "Mechanics' Summer TNM; 30/90, SD/30"]
[Site "San Francisco"]
[Date "2012.07.03"]
[Round "7.21"]
[White "Poling, Scott"]
[Black "Rosenstein, Perry"]
[Result "1-0"]
[WhiteElo "1780"]
[BlackElo "1494"]
[PlyCount "43"]
[EventDate "2012.??.??"]

1. e4 c5 2. d4 cxd4 3. c3 dxc3 4. Nxc3 d6 5. Nf3 Nc6 6. Bc4 h6 7. O-O Nf6 8. e5
dxe5 9. Qxd8+ Nxd8 10. Nb5 Rb8 11. Nxe5 Ne6 12. Rd1 Nd7 13. Bxe6 fxe6 14. Nc7+
Kd8 15. Nxe6+ Ke8 16. Nc7+ Kd8 17. Bf4 Kxc7 18. Nxd7+ Kc6 19. Rac1+ Kb5 20.
Rd5+ Ka6 21. Nxb8+ Kb6 22. Be3# 1-0

[Event "Mechanics' Fall TNM; 30/90, SD/30"]
[Site "San Francisco"]
[Date "2012.11.06"]
[Round "4.11"]
[White "Poling, Scott"]
[Black "Thornally, Frank"]
[Result "0-1"]
[WhiteElo "1747"]
[BlackElo "2212"]
[PlyCount "30"]
[EventDate "2012.??.??"]

1. e4 c6 2. d4 d5 3. exd5 cxd5 4. Bd3 Nc6 5. c3 Qc7 6. Qb3 Nxd4 7. Qxd5 e5 8.
f4 Nc6 9. fxe5 Be6 10. Qe4 O-O-O 11. Nf3 Nge7 12. Bf4 Bf5 13. Qxf5+ Nxf5 14.
Bxf5+ Kb8 15. Bg3 Qb6 0-1

[Event "Mechanics' Summer TNM; 30/90, SD/30"]
[Site "San Francisco"]
[Date "2012.06.26"]
[Round "6.28"]
[White "Rakonitz, David"]
[Black "Bayaraa, Chingun"]
[Result "1-0"]
[WhiteElo "1495"]
[BlackElo "1270"]
[PlyCount "69"]
[EventDate "2012.??.??"]

1. d4 d5 2. Nf3 Nf6 3. c4 e6 4. Nc3 Be7 5. Bg5 O-O 6. e3 Nbd7 7. Qc2 c6 8. Bd3
dxc4 9. Bxc4 Nd5 10. Bxe7 Qxe7 11. a3 Nxc3 12. Qxc3 Nf6 13. O-O Rd8 14. Ba2 Bd7
15. Rac1 Rac8 16. Bb1 a6 17. Rfd1 Re8 18. Ne5 h6 19. Qc2 Rc7 20. Ng4 g6 21. Ne5
Rd8 22. Qe2 Kg7 23. Qf3 Be8 24. g4 Nh7 25. Qg3 Rcc8 26. h4 c5 27. Be4 cxd4 28.
Rxc8 Rxc8 29. Rxd4 Rc1+ 30. Kg2 Bc6 31. Bxc6 bxc6 32. Rd7 Qe8 33. Rxf7+ Kh8 34.
Qf4 Rc5 35. Qxh6 1-0

[Event "Mechanics' Winter TNM; 30/90, SD/30"]
[Site "San Francisco"]
[Date "2012.02.21"]
[Round "8.23"]
[White "Rakonitz, David"]
[Black "Bayaraa, Chingun"]
[Result "1-0"]
[WhiteElo "1461"]
[BlackElo "1355"]
[PlyCount "129"]
[EventDate "2012.??.??"]

1. d4 d5 2. Nf3 Nf6 3. c4 e6 4. Nc3 Be7 5. Bg5 O-O 6. e3 Nbd7 7. Qc2 h6 8. Bh4
c6 9. Bd3 dxc4 10. Bxc4 Re8 11. O-O Nb6 12. Bd3 Nbd7 13. Rac1 Nf8 14. h3 Nd5
15. Bg3 Nb4 16. Qe2 Nxd3 17. Qxd3 Ng6 18. a3 Bf6 19. Ne4 Be7 20. Rfd1 a6 21.
Nc5 Nf8 22. Qb3 Bxc5 23. dxc5 Qf6 24. Bh4 Qf5 25. -- e5 26. e4 Qg6 27. Bg3 Qh5
28. Nd2 Ne6 29. Qf3 Qxf3 30. Nxf3 f6 31. Nd2 Ng5 32. f3 Be6 33. Nc4 Bxc4 34.
Rxc4 Rad8 35. Rcc1 Ne6 36. Bf2 Nf4 37. Kf1 Nd3 38. Rb1 Nxf2 39. Kxf2 Kf7 40.
Ke2 Ke6 41. Rbc1 Rd7 42. Rxd7 Kxd7 43. Rd1+ Ke7 44. Rd3 Rd8 45. Rxd8 Kxd8 46.
Kd3 Kd7 47. Kc4 Kc7 48. h4 g6 49. Kb4 b6 50. cxb6+ Kxb6 51. b3 f5 52. g3 h5 53.
Kc4 Kc7 54. Kc5 a5 55. a4 f4 56. gxf4 exf4 57. e5 Kd7 58. Kd4 Ke6 59. Ke4 Ke7
60. Kxf4 Ke6 61. Ke4 Ke7 62. f4 Ke6 63. Kd4 Ke7 64. Kc5 Kd7 65. Kb6 1-0

[Event "Mechanics' Fall TNM; 30/90, SD/30"]
[Site "San Francisco"]
[Date "2012.11.13"]
[Round "5.24"]
[White "Rakonitz, David"]
[Black "Brown, Nicholas"]
[Result "1/2-1/2"]
[WhiteElo "1479"]
[BlackElo "1457"]
[PlyCount "68"]
[EventDate "2012.??.??"]

1. d4 d5 2. Nf3 c6 3. c4 Nf6 4. Nc3 e6 5. Bg5 h6 6. Bh4 dxc4 7. e3 b5 8. a4 Bb4
9. axb5 cxb5 10. Be2 Nbd7 11. O-O a6 12. Nxb5 Bb7 13. Nc3 Qc7 14. Bg3 Qc8 15.
Qa4 a5 16. Ne5 Bd5 17. h3 O-O 18. Rfc1 Bxc3 19. bxc3 Nb6 20. Qd1 Ne4 21. Bh2
Qd8 22. f3 Nf6 23. e4 Bb7 24. Nxc4 Nxc4 25. Bxc4 Ba6 26. Qd3 Bxc4 27. Qxc4 Rc8
28. Qb5 Rxc3 29. Qxa5 Qxd4+ 30. Kh1 Rxc1+ 31. Rxc1 Qd8 32. Qc7 Qxc7 33. Rxc7
Rd8 34. Bf4 Ne8 1/2-1/2

[Event "Mechanics' Summer TNM; 30/90, SD/30"]
[Site "San Francisco"]
[Date "2012.06.05"]
[Round "3.27"]
[White "Rakonitz, David"]
[Black "Cowgill, Jackie"]
[Result "1-0"]
[WhiteElo "1495"]
[BlackElo "834"]
[PlyCount "69"]
[EventDate "2012.??.??"]

1. d4 d5 2. Nf3 Nf6 3. c4 c5 4. cxd5 cxd4 5. Nxd4 e5 6. dxe6 Bxe6 7. e3 Nc6 8.
Bb5 Bd7 9. Nxc6 Qa5+ 10. Nxa5 Bb4+ 11. Bd2 Bxd2+ 12. Qxd2 O-O 13. Bxd7 Rad8 14.
Nc3 Rxd7 15. Qe2 a6 16. O-O h6 17. Rfd1 Rc7 18. Rac1 b6 19. Nb3 b5 20. a3 Rcc8
21. f3 Rb8 22. Nc5 b4 23. axb4 Rxb4 24. Nxa6 Rb6 25. Nc5 Rc8 26. Rb1 Ra8 27.
Nd7 Rba6 28. Nxf6+ Rxf6 29. b4 Re6 30. e4 h5 31. b5 Rb8 32. Qc4 h4 33. h3 Ree8
34. Nd5 Rec8 35. Ne7+ 1-0

[Event "Mechanics' Winter TNM; 30/90, SD/30"]
[Site "San Francisco"]
[Date "2012.01.03"]
[Round "1.10"]
[White "Rakonitz, David"]
[Black "Delmonico, Nils"]
[Result "0-1"]
[WhiteElo "1461"]
[BlackElo "1900"]
[PlyCount "52"]
[EventDate "2012.??.??"]

1. d4 e6 2. Nf3 Nf6 3. c4 Bb4+ 4. Bd2 Bxd2+ 5. Qxd2 O-O 6. Nc3 Nc6 7. e3 d6 8.
Be2 e5 9. d5 Ne7 10. Qc2 a5 11. Rc1 Nd7 12. Ng5 Ng6 13. h4 h6 14. Nf3 Nc5 15.
h5 Ne7 16. Kd2 c6 17. e4 f5 18. Rcg1 Nxe4+ 19. Nxe4 fxe4 20. Qxe4 cxd5 21. cxd5
Rf4 22. Qe3 a4 23. a3 Nxd5 24. Bc4 Rxc4 25. Qd3 Qa5+ 26. Ke2 Nf4+ 0-1

[Event "Mechanics' Mar TNM; 30/90, SD/30"]
[Site "San Francisco"]
[Date "2012.08.28"]
[Round "5.21"]
[White "Rakonitz, David"]
[Black "Dembling, Arthur"]
[Result "0-1"]
[WhiteElo "1495"]
[BlackElo "1732"]
[PlyCount "70"]
[EventDate "2012.??.??"]

1. d4 Nf6 2. Nf3 e6 3. c4 b6 4. a3 Bb7 5. Nc3 Be7 6. d5 exd5 7. cxd5 d6 8. e4
Nbd7 9. Bb5 O-O 10. O-O a6 11. Bd3 Ne5 12. Bc2 Re8 13. b4 Ned7 14. Bg5 Rc8 15.
Rc1 Nxd5 16. exd5 Bxg5 17. Qd3 g6 18. Nxg5 Qxg5 19. Ne4 Qxd5 20. Qxd5 Bxd5 21.
Rfe1 Kg7 22. Bb1 Bb7 23. Ng3 c5 24. Rxe8 Rxe8 25. Bd3 b5 26. bxc5 dxc5 27. Kf1
c4 28. Bc2 Nc5 29. Ne2 Bxg2+ 30. Kxg2 Rxe2 31. Kf3 Re7 32. Bd1 Rd7 33. Bc2 Nd3
34. Bxd3 Rxd3+ 35. Ke2 Rxa3 0-1

[Event "Mechanics' Summer TNM; 30/90, SD/30"]
[Site "San Francisco"]
[Date "2012.07.03"]
[Round "7.20"]
[White "Rakonitz, David"]
[Black "Drane, Robert"]
[Result "1/2-1/2"]
[WhiteElo "1495"]
[BlackElo "1840"]
[PlyCount "85"]
[EventDate "2012.??.??"]

1. d4 f5 2. Bg5 c6 3. e3 d6 4. Nd2 Qa5 5. Bd3 g6 6. Ne2 Bg7 7. c3 Nd7 8. O-O e5
9. Nc4 Qc7 10. f3 d5 11. Nd2 e4 12. fxe4 fxe4 13. Bc2 Ngf6 14. Bf4 Qd8 15. Bb3
O-O 16. c4 Kh8 17. cxd5 cxd5 18. Nc3 Nb6 19. h3 Bf5 20. Rc1 a6 21. Na4 Nxa4 22.
Bxa4 b5 23. Bb3 Rc8 24. a3 Qd7 25. Kh2 Nh5 26. g4 Nxf4 27. Rxf4 Be6 28. Rxf8+
Rxf8 29. Qg1 Rf6 30. Rf1 Qf7 31. Kg2 Bh6 32. Rxf6 Qxf6 33. Qf2 Qe7 34. Qg3 Qd7
35. Nb1 a5 36. Nc3 b4 37. Qe5+ Bg7 38. Qb8+ Qc8 39. Qxc8+ Bxc8 40. Nxd5 bxa3
41. bxa3 Be6 42. a4 h5 43. Kg3 1/2-1/2

[Event "Mechanics' Mar TNM; 30/90, SD/30"]
[Site "San Francisco"]
[Date "2012.09.18"]
[Round "8.28"]
[White "Rakonitz, David"]
[Black "Frank, Robert"]
[Result "1-0"]
[WhiteElo "1495"]
[BlackElo "1313"]
[PlyCount "87"]
[EventDate "2012.??.??"]

1. d4 Nf6 2. Nf3 d5 3. c4 e6 4. Nc3 Bb4 5. Bg5 h6 6. Bxf6 Qxf6 7. e3 O-O 8. Bd3
a6 9. O-O dxc4 10. Bxc4 b5 11. Bd3 Bb7 12. Be4 Bxe4 13. Nxe4 Qd8 14. Rc1 c6 15.
Qc2 Qd5 16. a3 Be7 17. Nc5 Rc8 18. Rfd1 Ra7 19. Rd3 Qd8 20. Rc3 Bxc5 21. Rxc5
f6 22. Qe4 Qe8 23. Ne1 f5 24. Qc2 Rac7 25. Nf3 Nd7 26. Rc3 c5 27. dxc5 Nxc5 28.
b4 Qe7 29. bxc5 Qf6 30. Nd4 g6 31. Qb3 Re8 32. c6 Kg7 33. Rc5 e5 34. Nf3 Re6
35. Qc3 e4 36. Qxf6+ Kxf6 37. Nd4 Rd6 38. Kf1 h5 39. Ke2 Kg5 40. R1c3 Rf6 41.
Nc2 h4 42. h3 Kh6 43. Nb4 a5 44. Nd5 1-0